000 00236nam a2200097Ia 4500
001 644381
005 20250826153604.0
008 250824s9999 xx 000 0 und d
245 0 _aORMANIN KALBİNDEKİ ÇOCUK
_cJOHN BOYNE
260 _bTUDEM
999 _c644381
_d644381